000 00437cam a2200181ua 4500
001 3102
008 110928n ii |||gr||||Z||||||asm
040 _cMAIN
082 _a891.4513
100 1 _aMalik, Syed Abdul,
_eAuthor.
245 1 1 _aRuptirthar jatri
_cby Syed Abdul Malik
250 _a2nd.
260 _aGuahati:
_bImprint,994.
300 _a248p:
_c23cm.
653 _aAssamese novel
653 _aRuptirthar jatri
942 _cBK
999 _c2948
_d2948